00859cam a22002297a 4500003000500000005001700005008004100022010001000063011001000073035001000083040000900093100003400102245018700136260004100323300000900364502009500373650003100468650003700499650003500536650003900571650001900610CHAP20250903062744.0971013s1977 r 00010 d a33621 a34593 a38709 cCHAP00aMedina Duarte, Oscar Octavio. 0aDigestibilidad y balance de nitrógeno y fósforo del zacate Rhodes (Chloris gayan Kunt) suplementado con fosfato diamónico o con urea fosfato monosódico en ovinos (Ovis aries) a(Monterrey, N.L.) :bEl autor,c1977 a58 h aTesis (Ing. Agrónomo Zootecnista) -- ITESM. Div. de Ciencias Agropecuarias y Marítimas17aForrajesxDigestibilidad214aFósforo en nutrición animal.14aGanado vacunoxAlimentación.14aUrea en alimentación del ganado.14aZacate Rhodes.